[Event "Lisbon Portugal op"]
[White "Antunes, Andre Rafael"]
[Black "Dias, Ricardo Pedro Cruz"]
[Site "Lisbon"]
[Round "1"]
[Result "0-1"]
[Date "2019.02.02"]
[WhiteElo "1518"]
[BlackElo "2128"]
[PlyCount "64"]
[EventDate "2019.02.02"]
[EventType "swiss"]
[EventRounds "9"]
[EventCountry "POR"]
[SourceTitle "EXT 2021"]
[Source "ChessBase"]
[SourceDate "2020.10.23"]
[SourceVersion "1"]
[SourceVersionDate "2020.10.23"]
[SourceQuality "1"]

1. b3 e5 2. Bb2 Nc6 3. c4 Nf6 4. e3 d5 5. cxd5 Nxd5 6. a3 Bd6 7. d3 0-0 8. Nf3 Qe7 9. Be2 a5 10. 0-0 f5 11. Re1 Nf6 12. Qc2 Bd7 13. Nbd2 Rae8 14. Nc4 e4 15. Nxd6 cxd6 16. Nd4 Ne5 17. Qd2 Qf7 18. Rac1 b6 19. b4 axb4 20. axb4 Qg6 21. Qd1 f4 22. dxe4 fxe3 23. Qb3+ d5 24. Qxe3 Nxe4 25. Nf3 Ng4 26. Qd4 Ngxf2 27. Rf1 Nh3+ 28. Kh1 Nf4 29. Nh4 Qg5 30. Ba6 Ne6 31. Rxf8+ Rxf8 32. Nf3 Rxf3 0-1

[Event "POR-ch U16"]
[White "Rego, Joao Rui Farias Soa"]
[Black "Antunes, Andre Rafael"]
[Site "Luso"]
[Round "7"]
[Result "1/2-1/2"]
[Date "2018.03.28"]
[WhiteElo "1651"]
[BlackElo "1531"]
[PlyCount "65"]
[EventDate "2018.03.24"]
[EventType "swiss"]
[EventRounds "7"]
[EventCountry "POR"]
[SourceTitle "EXT 2019"]
[Source "ChessBase"]
[SourceDate "2018.10.10"]
[SourceVersion "1"]
[SourceVersionDate "2018.10.10"]
[SourceQuality "1"]

1. e4 c5 2. Nf3 Nc6 3. d4 cxd4 4. Nxd4 g6 5. Nc3 Bg7 6. Be3 Nf6 7. f3 Qb6 8. Nf5 Qxb2 9. Nxg7+ Kf8 10. Nb5 Kxg7 11. Nd4 Qc3+ 12. Kf2 d6 13. Nxc6 Qxc6 14. g4 h5 15. g5 Nd7 16. h4 Nc5 17. Qd2 Rf8 18. Kg3 b6 19. Qd5 Bb7 20. c4 Qa4 21. Qd4+ Kg8 22. Be2 Ne6 23. Qc3 Qc6 24. Bc1 Nc5 25. Bb2 e5 26. Rhd1 Qc7 27. Ba3 Rad8 28. Rd2 f6 29. gxf6 Rxf6 30. Rad1 Kg7 31. Qe3 Qf7 32. Bc1 Re6 33. Rg1 1/2-1/2

[Event "POR-ch U16"]
[White "Antunes, Ana"]
[Black "Antunes, Andre Rafael"]
[Site "Luso"]
[Round "5"]
[Result "0-1"]
[Date "2018.03.27"]
[WhiteElo "1213"]
[BlackElo "1531"]
[PlyCount "74"]
[EventDate "2018.03.24"]
[EventType "swiss"]
[EventRounds "7"]
[EventCountry "POR"]
[SourceTitle "EXT 2019"]
[Source "ChessBase"]
[SourceDate "2018.10.10"]
[SourceVersion "1"]
[SourceVersionDate "2018.10.10"]
[SourceQuality "1"]

1. e4 c5 2. Nf3 Nc6 3. d4 cxd4 4. Nxd4 g6 5. Nc3 Bg7 6. Be3 Nf6 7. Bc4 Qa5 8. Nb3 Qb4 9. Nd2 Qxb2 10. Na4 Qe5 11. f4 Qa5 12. Nc5 Ng4 13. Ncb3 Qc3 14. Bd4 Nxd4 15. Nxd4 Qe3+ 16. Qe2 Bxd4 17. Qxe3 Nxe3 18. Rb1 Nxg2+ 19. Kf1 Ne3+ 20. Ke2 Nxc4 21. Nxc4 b6 22. Kd3 Bc5 23. h4 Ba6 24. h5 0-0-0 25. Kc3 Bxc4 26. Kxc4 Kb7 27. a4 Rc8 28. Kd3 f6 29. Rh4 Rhg8 30. Rbh1 gxh5 31. Rxh5 Rg3+ 32. Kd2 Be3+ 33. Kd1 Bxf4 34. Rxh7 Bd6 35. R1h5 Rg2 36. Rd5 Rcxc2 37. Rh1 Ba3 0-1

[Event "Lisbon Portugal op"]
[White "Iovannone, Cristiano"]
[Black "Antunes, Andre Rafael"]
[Site "Lisbon"]
[Round "8"]
[Result "1/2-1/2"]
[Date "2017.02.09"]
[WhiteElo "1660"]
[BlackElo "1301"]
[PlyCount "58"]
[EventDate "2017.02.04"]
[EventType "swiss"]
[EventRounds "9"]
[EventCountry "POR"]
[SourceTitle "CBM 176 Extra"]
[Source "ChessBase"]
[SourceDate "2017.03.02"]
[SourceVersion "1"]
[SourceVersionDate "2017.03.02"]
[SourceQuality "1"]

1. c4 e5 2. Nc3 Nf6 3. d3 b6 4. Nf3 Nc6 5. a3 Be7 6. b4 d6 7. g3 Bb7 8. Bg2 0-0 9. 0-0 Rb8 10. Bd2 h6 11. h4 Qd7 12. e4 Nd4 13. Nxd4 exd4 14. Nd5 c5 15. b5 Nxd5 16. exd5 f5 17. f4 a6 18. a4 axb5 19. axb5 Ra8 20. Qh5 Kh7 21. Qe2 Bf6 22. Qf2 Rfe8 23. Rfe1 Rxe1+ 24. Qxe1 Qe7 25. Rxa8 Bxa8 26. Qxe7 Bxe7 27. Bh3 g6 28. Be1 Bb7 29. Kg2 h5 1/2-1/2

[Event "Lisbon Portugal op"]
[White "Antunes, Andre Rafael"]
[Black "Guia, Artur Solovyov Eloy"]
[Site "Lisbon"]
[Round "7"]
[Result "0-1"]
[Date "2017.02.08"]
[WhiteElo "1301"]
[BlackElo "1527"]
[PlyCount "96"]
[EventDate "2017.02.04"]
[EventType "swiss"]
[EventRounds "9"]
[EventCountry "POR"]
[SourceTitle "CBM 176 Extra"]
[Source "ChessBase"]
[SourceDate "2017.03.02"]
[SourceVersion "1"]
[SourceVersionDate "2017.03.02"]
[SourceQuality "1"]

1. e4 e5 2. Nf3 Nc6 3. Bb5 a6 4. Ba4 Nf6 5. 0-0 Be7 6. Re1 b5 7. Bb3 d6 8. h3 0-0 9. c3 Na5 10. Bc2 c5 11. d4 Qc7 12. dxe5 dxe5 13. Bg5 Nc6 14. Nbd2 h6 15. Bh4 Be6 16. Bg3 Rfd8 17. Qe2 Rac8 18. b3 Nd7 19. Nf1 Nb6 20. Ne3 c4 21. b4 Bf8 22. Rad1 f6 23. Nf5 Bxf5 24. exf5 Bd6 25. Nh4 Ne7 26. Ng6 Nxg6 27. fxg6 Bf8 28. Rxd8 Rxd8 29. Rd1 Rxd1+ 30. Qxd1 Qd6 31. Qxd6 Bxd6 32. f3 Kf8 33. h4 Ke7 34. h5 Kd7 35. Kf2 Nd5 36. Be4 Nxc3 37. Bb7 Bxb4 38. Bxa6 Kc6 39. Ke3 Nxa2 40. Ke2 Nc3+ 41. Ke3 Nd5+ 42. Ke4 c3 43. Kd3 Nf4+ 44. Kc2 Nxg2 45. Bc8 Ne3+ 46. Kb1 c2+ 47. Ka2 c1Q 48. Bf2 Qc2+ 0-1

[Event "Lisbon Portugal op"]
[White "Cuevas Fernandez, Jose Alberto"]
[Black "Antunes, Andre Rafael"]
[Site "Lisbon"]
[Round "1"]
[Result "1-0"]
[Date "2017.02.04"]
[WhiteElo "2116"]
[BlackElo "1301"]
[PlyCount "71"]
[EventDate "2017.02.04"]
[EventType "swiss"]
[EventRounds "9"]
[EventCountry "POR"]
[SourceTitle "CBM 176 Extra"]
[Source "ChessBase"]
[SourceDate "2017.03.02"]
[SourceVersion "1"]
[SourceVersionDate "2017.03.02"]
[SourceQuality "1"]

1. d4 c5 2. d5 d6 3. Nf3 Nf6 4. a4 a6 5. c4 g6 6. Nc3 Bg7 7. e4 0-0 8. h3 e6 9. Be2 exd5 10. exd5 Re8 11. 0-0 Bf5 12. a5 Be4 13. Ng5 h6 14. Ngxe4 Nxe4 15. Nxe4 Rxe4 16. Bd3 Re7 17. f4 f5 18. g4 Qf8 19. gxf5 gxf5 20. Qc2 Bd4+ 21. Kh2 Rf7 22. Bd2 Nd7 23. Rae1 Re8 24. Re6 b6 25. Rfe1 Rb8 26. Bc3 b5 27. Bxd4 cxd4 28. Rg1+ Kh7 29. Rgg6 Nc5 30. Rxd6 Nxd3 31. Qxd3 Re7 32. Rgf6 Qg7 33. Qxf5+ Kg8 34. Rg6 Re2+ 35. Kg3 Re3+ 36. Kh4 1-0

[Event "Portugal op"]
[White "Passeiro, Lourenco M Vilarigu"]
[Black "Antunes, Andre Rafael"]
[Site "Oeiras"]
[Round "8"]
[Result "1/2-1/2"]
[Date "2015.09.04"]
[WhiteElo "1310"]
[BlackElo "1122"]
[PlyCount "106"]
[EventDate "2015.08.30"]
[EventType "swiss"]
[EventRounds "9"]
[EventCountry "POR"]
[SourceTitle "EXT 2016"]
[Source "ChessBase"]
[SourceDate "2015.10.08"]
[SourceVersion "1"]
[SourceVersionDate "2015.10.08"]
[SourceQuality "1"]

1. e4 c5 2. c3 Nc6 3. d4 d6 4. d5 Ne5 5. Nf3 Nxf3+ 6. Qxf3 g6 7. Bb5+ Bd7 8. Bxd7+ Qxd7 9. 0-0 Bg7 10. Bf4 Nf6 11. Nd2 0-0 12. Nc4 e6 13. Bxd6 Rfd8 14. Be5 exd5 15. Bxf6 dxe4 16. Qxe4 Bxf6 17. Qf3 Bg7 18. Rad1 Qe7 19. Rfe1 Rxd1 20. Rxd1 Rd8 21. Rxd8+ Qxd8 22. h3 b5 23. Ne3 Be5 24. Qd5 Qxd5 25. Nxd5 a5 26. f4 Bd6 27. b3 f5 28. c4 b4 29. g3 Kf7 30. Kf2 h6 31. g4 fxg4 32. hxg4 Ke6 33. Kf3 Be7 34. Ne3 Kf6 35. Kg3 Ke6 36. f5+ gxf5 37. Nxf5 Bg5 38. Kf3 Ke5 39. Kf2 Ke4 40. Nd6+ Kd3 41. Nb7 Be7 42. Kf3 Kd2 43. Nxa5 Kd3 44. Nc6 Bd6 45. Nd8 Bf8 46. Kf4 Kc2 47. Ne6 Bd6+ 48. Kf5 Kd2 49. Kg6 Kc2 50. Kxh6 Kb2 51. Kh7 Bf4 52. g5 Bxg5 53. Nxc5 Be7 1/2-1/2

[Event "Portugal op"]
[White "Ferreira, Joao Pedro Gomes"]
[Black "Antunes, Andre Rafael"]
[Site "Oeiras"]
[Round "7"]
[Result "1-0"]
[Date "2015.09.03"]
[WhiteElo "1817"]
[BlackElo "1122"]
[PlyCount "51"]
[EventDate "2015.08.30"]
[EventType "swiss"]
[EventRounds "9"]
[EventCountry "POR"]
[SourceTitle "EXT 2016"]
[Source "ChessBase"]
[SourceDate "2015.10.08"]
[SourceVersion "1"]
[SourceVersionDate "2015.10.08"]
[SourceQuality "1"]

1. e4 c5 2. Nf3 Nc6 3. d4 cxd4 4. Nxd4 g6 5. Nxc6 bxc6 6. Qd4 Nf6 7. e5 Ng8 8. Bc4 e6 9. 0-0 Bg7 10. Nc3 h6 11. Qf4 Ne7 12. Ne4 Nf5 13. g4 g5 14. Qf3 Bxe5 15. gxf5 d5 16. fxe6 Bxe6 17. Rd1 Qe7 18. Ng3 g4 19. Qg2 h5 20. Bd3 h4 21. Nf5 Bxf5 22. Bxf5 h3 23. Qxg4 Qf8 24. Kf1 Bxh2 25. Bg5 Bd6 26. Bd7# 1-0

[Event "Portugal op"]
[White "Antunes, Andre Rafael"]
[Black "Abreu, Alexandre Ribeiro"]
[Site "Oeiras"]
[Round "5"]
[Result "1-0"]
[Date "2015.09.02"]
[WhiteElo "1122"]
[BlackElo "1342"]
[PlyCount "77"]
[EventDate "2015.08.30"]
[EventType "swiss"]
[EventRounds "9"]
[EventCountry "POR"]
[SourceTitle "EXT 2016"]
[Source "ChessBase"]
[SourceDate "2015.10.08"]
[SourceVersion "1"]
[SourceVersionDate "2015.10.08"]
[SourceQuality "1"]

1. f4 d5 2. Nf3 Nf6 3. g3 c5 4. Bg2 Nc6 5. d3 e6 6. 0-0 Bd6 7. Nfd2 e5 8. fxe5 Bxe5 9. e4 Be6 10. Nf3 Qd6 11. Nxe5 Qxe5 12. Re1 dxe4 13. Bxe4 Qd4+ 14. Kg2 Nxe4 15. Rxe4 Qf6 16. Nc3 0-0-0 17. Kg1 c4 18. Bf4 Rd4 19. Nb5 Rxe4 20. Nd6+ Kd7 21. dxe4 Qd4+ 22. Kf1 g5 23. Qxd4 Nxd4 24. Rd1 gxf4 25. Rxd4 fxg3 26. Nxf7+ Ke7 27. Nxh8 gxh2 28. Kg2 c3 29. bxc3 Bxa2 30. Ra4 Bb1 31. Rxa7 Bxc2 32. Rxb7+ Ke6 33. Kxh2 Bxe4 34. Rb4 Ba8 35. Rh4 Kd5 36. Rxh7 Kc4 37. Rc7+ Kb3 38. Rc8 Bd5 39. Kg3 1-0

[Event "Portugal op"]
[White "Guerra, Jose Antonio Goular"]
[Black "Antunes, Andre Rafael"]
[Site "Oeiras"]
[Round "2"]
[Result "1-0"]
[Date "2015.08.31"]
[WhiteElo "1800"]
[BlackElo "1122"]
[PlyCount "57"]
[EventDate "2015.08.30"]
[EventType "swiss"]
[EventRounds "9"]
[EventCountry "POR"]
[SourceTitle "EXT 2016"]
[Source "ChessBase"]
[SourceDate "2015.10.08"]
[SourceVersion "1"]
[SourceVersionDate "2015.10.08"]
[SourceQuality "1"]

1. Nf3 Nc6 2. d4 d5 3. h3 g6 4. e3 Bg7 5. c4 e6 6. Nc3 Nf6 7. a3 a5 8. Bd3 0-0 9. 0-0 b6 10. cxd5 exd5 11. Bd2 Re8 12. Bb5 Bb7 13. Ne5 Re6 14. Bxc6 Bxc6 15. Rc1 Nd7 16. Nxc6 Rxc6 17. Nxd5 Rxc1 18. Bxc1 Nb8 19. Qf3 c6 20. Nc3 Qd7 21. Rd1 Ra7 22. Ne4 Qd5 23. Nf6+ Bxf6 24. Qxf6 Nd7 25. Qe7 Ra8 26. e4 Qb3 27. Re1 Ra7 28. Bh6 Qe6 29. Qd8+ 1-0